| 000 | 00606nam a2200193 a 4500 | ||
|---|---|---|---|
| 001 | 000043947 | ||
| 005 | 20201002045047.0 | ||
| 008 | 140509s1974 sp 000 0 spa d | ||
| 020 | _a8421103067 | ||
| 040 |
_aDO-SdBNP _bspa _cBNPHU |
||
| 082 |
_axxxx _bxxxx |
||
| 100 | 1 |
_aTrías, Eugenio, _d1942- _920798 |
|
| 245 | 1 | 0 |
_aDrama e identidad / _cEugenio Trías. |
| 260 |
_aBarcelona : _bBarral, _c1974. |
||
| 300 |
_a218 p. ; _c20 cm. |
||
| 490 | 1 |
_aBreve biblioteca de respuesta _v106 |
|
| 500 | _aIncluye datos biográficos del autor en las solapas | ||
| 830 | 0 |
_aBreve biblioteca de respuesta ; _n106 _971887 |
|
| 999 |
_c43436 _d43436 |
||